[Event "Steyr Landesliga 1819"]
[Site "Austria"]
[Date "2019.02.09"]
[Round "8.8"]
[White "Vu Tran, Tue Anh"]
[Black "Ellmer, Lukas"]
[Result "0-1"]
[WhiteElo "1336"]
[BlackElo "1453"]
[PlyCount "152"]
[EventDate "2018.10.06"]
[EventType "team-tourn"]
[EventRounds "11"]
[EventCountry "AUT"]
[SourceTitle "CBM 189 Extra"]
[Source "ChessBase"]
[SourceDate "2019.05.31"]
[SourceVersion "1"]
[SourceVersionDate "2019.05.31"]
[SourceQuality "1"]
[WhiteTeam "Graz Styria"]
[BlackTeam "Pinggau Friedberg"]
[WhiteTeamCountry "AUT"]
[BlackTeamCountry "AUT"]

1. d4 d5 2. c4 c6 3. Nf3 Nf6 4. Nc3 e6 5. g3 Nbd7 6. Bg2 Be7 7. 0-0 0-0 8. e4 dxc4 9. b3 cxb3 10. Qxb3 Qb6 11. Qc2 h6 12. Be3 Qd8 13. h3 Nb6 14. Nd2 Ne8 15. a4 Nd6 16. a5 Nbc4 17. Bf4 Nxd2 18. Qxd2 g5 19. Bxd6 Bxd6 20. Rfb1 e5 21. d5 Bc5 22. Qd1 Bd4 23. Ra3 Qe7 24. Rab3 c5 25. Nb5 Kg7 26. Nxd4 cxd4 27. Qf1 Qc5 28. Qb5 Qxb5 29. Rxb5 Rd8 30. Kf1 b6 31. Ke1 Ba6 32. R5b3 bxa5 33. Ra3 Bc4 34. Rxa5 Rd7 35. Rc5 Ba6 36. Bf1 Bxf1 37. Kxf1 a5 38. Ke2 a4 39. Rc2 a3 40. Ra2 Kf8 41. Kd3 Ke7 42. Rb3 Rda7 43. Rb6 f6 44. Re6+ Kf7 45. Rb6 h5 46. f4 gxf4 47. gxf4 Rg8 48. fxe5 fxe5 49. Rf2+ Kg7 50. Rg2+ Kh8 51. Rxg8+ Kxg8 52. Rb1 a2 53. Ra1 Kf7 54. h4 Ke7 55. Kd2 Kd6 56. Kd3 Kc5 57. d6 Kxd6 58. Kc4 Kc6 59. Kd3 Ra3+ 60. Kd2 Kc5 61. Kc2 Kc4 62. Kd2 d3 63. Rc1+ Kd4 64. Ra1 Kxe4 65. Re1+ Kd4 66. Ra1 e4 67. Re1 Ra8 68. Ra1 e3+ 69. Kc1 Kc3 70. Kd1 Rf8 71. Rc1+ Kb2 72. Ke1 d2+ 73. Ke2 dxc1Q 74. Kd3 Qd2+ 75. Ke4 Re8+ 76. Kf3 Qf2# 0-1

[Event "AUT-ch U12 Girls"]
[Site "St Kanzian"]
[Date "2018.05.21"]
[Round "6.2"]
[White "Vicze, Kata"]
[Black "Vu Tran, Tue Anh"]
[Result "1-0"]
[WhiteElo "1650"]
[BlackElo "1062"]
[PlyCount "87"]
[EventDate "2018.05.19"]
[EventType "swiss"]
[EventRounds "7"]
[EventCountry "AUT"]
[SourceTitle "EXT 2024"]
[Source "ChessBase"]
[SourceDate "2023.10.10"]
[SourceVersion "1"]
[SourceVersionDate "2023.10.10"]
[SourceQuality "1"]

1. e4 e5 2. Nf3 Nc6 3. d4 exd4 4. Bc4 Bc5 5. c3 d6 6. cxd4 Bb4+ 7. Nc3 Nf6 8. 0-0 Bxc3 9. bxc3 Nxe4 10. Re1 d5 11. Bd3 Bf5 12. Ng5 0-0 13. Nxe4 Bxe4 14. Bxe4 dxe4 15. Rxe4 Re8 16. Rg4 Qe7 17. Bh6 g6 18. h3 Qe2 19. Qc1 Re4 20. Qg5 Re6 21. d5 f6 22. Qc1 f5 23. Rg3 Rf6 24. dxc6 bxc6 25. Qe3 Qb2 26. Re1 Qxa2 27. Qe7 Qf7 28. Rge3 a5 29. Qe8+ Rxe8 30. Rxe8+ Qxe8 31. Rxe8+ Kf7 32. Rf8+ Ke7 33. Rxf6 Kxf6 34. Kf1 a4 35. Bc1 Ke5 36. Ke2 Kd5 37. Kd3 g5 38. c4+ Kc5 39. Ba3+ Kb6 40. Kd4 g4 41. Ke5 gxh3 42. gxh3 f4 43. Kxf4 c5 44. Ke5 1-0

[Event "AUT-ch U10 Girls"]
[Site "St Kanzian"]
[Date "2017.06.18"]
[Round "7.3"]
[White "Altinisik, Aleyna"]
[Black "Vu Tran, Tue Anh"]
[Result "0-1"]
[WhiteElo "853"]
[BlackElo "955"]
[PlyCount "108"]
[EventDate "2017.06.16"]
[EventType "swiss"]
[EventRounds "7"]
[EventCountry "AUT"]
[SourceTitle "EXT 2024"]
[Source "ChessBase"]
[SourceDate "2023.10.10"]
[SourceVersion "1"]
[SourceVersionDate "2023.10.10"]
[SourceQuality "1"]

1. e4 c5 2. d4 cxd4 3. Qxd4 Nc6 4. Qc3 e5 5. a3 Nf6 6. Bd3 d5 7. Bg5 d4 8. Qd2 Be7 9. Nf3 0-0 10. 0-0 Bg4 11. Bh6 gxh6 12. Qxh6 Bxf3 13. gxf3 Ne8 14. Kh1 Kh8 15. f4 Bf6 16. Nd2 Bg7 17. Qh5 Qd6 18. Rg1 Qh6 19. Be2 Qxh5 20. Bxh5 exf4 21. Bg4 Nf6 22. Bf5 Rfe8 23. Rg2 Bh6 24. c3 dxc3 25. bxc3 Rg8 26. Rag1 Rxg2 27. Rxg2 Rg8 28. Nc4 Rxg2 29. Kxg2 Ne7 30. Bh3 Nxe4 31. f3 Nxc3 32. Nd6 Kg7 33. Nxb7 Nc6 34. Nc5 a5 35. a4 Kg6 36. Bd7 Ne5 37. Bc8 Bf8 38. Nd7 Nxd7 39. Bxd7 Kf6 40. Kf2 Ke7 41. Bc6 Kd6 42. Be8 f6 43. Ke1 Kc5 44. Kf2 Kb4 45. h4 Nxa4 46. Bf7 Nc3 47. Kg2 a4 48. Kh3 Kc5 49. Kg4 Bd6 50. Kf5 Nd5 51. h5 a3 52. Bxd5 Kxd5 53. Kxf6 a2 54. Kg7 a1Q+ 0-1

[Event "AUT-ch U10 Girls"]
[Site "St Kanzian"]
[Date "2017.06.16"]
[Round "3.1"]
[White "Katter, Marlene"]
[Black "Vu Tran, Tue Anh"]
[Result "1-0"]
[WhiteElo "1275"]
[BlackElo "955"]
[PlyCount "108"]
[EventDate "2017.06.16"]
[EventType "swiss"]
[EventRounds "7"]
[EventCountry "AUT"]
[SourceTitle "EXT 2024"]
[Source "ChessBase"]
[SourceDate "2023.10.10"]
[SourceVersion "1"]
[SourceVersionDate "2023.10.10"]
[SourceQuality "1"]

1. c4 Nc6 2. Nc3 Nf6 3. d3 e5 4. e4 Bb4 5. Nge2 Bc5 6. Bg5 0-0 7. g3 d6 8. Nd5 Bg4 9. Nxf6+ gxf6 10. Bh6 Qd7 11. Bxf8 Bb4+ 12. Nc3 Bxd1 13. Rxd1 Rxf8 14. Bg2 Bxc3+ 15. bxc3 f5 16. Bh3 Ne7 17. Rg1 Qa4 18. g4 fxg4 19. Bxg4 Ng6 20. h4 Rd8 21. h5 Qc2 22. hxg6 fxg6 23. Be6+ Kf8 24. Rh1 h5 25. Rg1 Qxc3+ 26. Rd2 Re8 27. Rxg6 Ke7 28. Bf5 Kd8 29. Rg7 Qc1+ 30. Ke2 Re7 31. Rg8+ Re8 32. Rxe8+ Kxe8 33. Bg6+ Ke7 34. Bxh5 Qh1 35. Bf3 Qh3 36. Rb2 b6 37. Rb1 Kf6 38. Rh1 Qxh1 39. Bxh1 c5 40. Kd2 Ke7 41. Kc3 Kd8 42. Kb3 Kc7 43. Ka4 Kc6 44. Bf3 a6 45. Bg4 b5+ 46. Ka5 bxc4 47. dxc4 Kb7 48. Be6 Ka7 49. Bc8 Kb8 50. Bxa6 Ka7 51. Bb5 Kb7 52. a4 Ka7 53. Bc6 Kb8 54. Kb6 Kc8 1-0